Old MacDonald had a dragon / (Record no. 111495)
[ view plain ]
| 000 -LEADER | |
|---|---|
| fixed length control field | 01194cam a2200325 a 4500 |
| 001 - CONTROL NUMBER | |
| control field | BK0011477033 |
| 003 - CONTROL NUMBER IDENTIFIER | |
| control field | OCoLC |
| 005 - DATE AND TIME OF LATEST TRANSACTION | |
| control field | 20241220141048.0 |
| 008 - FIXED-LENGTH DATA ELEMENTS--GENERAL INFORMATION | |
| fixed length control field | 111115s2012 nvua b 000 1 eng d |
| 010 ## - LIBRARY OF CONGRESS CONTROL NUMBER | |
| LC control number | 2011036607 |
| 020 ## - INTERNATIONAL STANDARD BOOK NUMBER | |
| International Standard Book Number | 9780761461753 : SAL |
| Terms of availability | 16.99 |
| 020 ## - INTERNATIONAL STANDARD BOOK NUMBER | |
| International Standard Book Number | 0761461752 : SAL |
| Terms of availability | 16.99 |
| 037 ## - SOURCE OF ACQUISITION | |
| Source of stock number/acquisition | Amazon Childrens Pub, C/O Brilliance Audio 1704 Eaton Dr, Grand Haven, MI, USA, 49417 |
| Note | SAN 690-1395 |
| 040 ## - CATALOGING SOURCE | |
| Original cataloging agency | DLC |
| Language of cataloging | eng |
| Transcribing agency | DLC |
| Modifying agency | YDXCP |
| -- | OCLCO |
| -- | BDX |
| -- | IMmBT |
| -- | NjBwBT |
| 050 00 - LIBRARY OF CONGRESS CALL NUMBER | |
| Classification number | PZ7.B17428 |
| Item number | Old 2012 |
| 082 00 - DEWEY DECIMAL CLASSIFICATION NUMBER | |
| Classification number | [E] |
| Edition number | 23 |
| 092 ## - LOCALLY ASSIGNED DEWEY CALL NUMBER (OCLC) | |
| Classification number | E |
| 100 1# - MAIN ENTRY--PERSONAL NAME | |
| Personal name | Baker, Ken, |
| Dates associated with a name | 1962- |
| 9 (RLIN) | 5823534 |
| 245 10 - TITLE STATEMENT | |
| Title | Old MacDonald had a dragon / |
| Statement of responsibility, etc | by Ken Baker ; illustrated by Christopher Santoro. |
| 250 ## - EDITION STATEMENT | |
| Edition statement | 1st ed. |
| 260 ## - PUBLICATION, DISTRIBUTION, ETC. (IMPRINT) | |
| Place of publication, distribution, etc | Las Vegas : |
| Name of publisher, distributor, etc | Amazon Children's Pub., |
| Date of publication, distribution, etc | c2012. |
| 300 ## - PHYSICAL DESCRIPTION | |
| Extent | 1 v. (unpaged) : |
| Other physical details | col. ill. ; |
| Dimensions | 29 cm. |
| 520 ## - SUMMARY, ETC. | |
| Summary, etc | The new dragon on Old MacDonald's farm puts all the other animals, and the farmer, in peril. |
| 650 #1 - SUBJECT ADDED ENTRY--TOPICAL TERM | |
| Topical term or geographic name as entry element | Dragons |
| Form subdivision | Fiction. |
| 9 (RLIN) | 5673926 |
| 650 #1 - SUBJECT ADDED ENTRY--TOPICAL TERM | |
| Topical term or geographic name as entry element | Domestic animals |
| Form subdivision | Fiction. |
| 9 (RLIN) | 5674957 |
| 650 #1 - SUBJECT ADDED ENTRY--TOPICAL TERM | |
| Topical term or geographic name as entry element | Animal sounds |
| Form subdivision | Fiction. |
| 9 (RLIN) | 5685511 |
| 650 #1 - SUBJECT ADDED ENTRY--TOPICAL TERM | |
| Topical term or geographic name as entry element | Farms |
| Form subdivision | Fiction. |
| 9 (RLIN) | 5689464 |
| 700 1# - ADDED ENTRY--PERSONAL NAME | |
| Personal name | Santoro, Christopher, |
| Relator term | ill. |
| 9 (RLIN) | 6425 |
| Withdrawn status | Lost status | Source of classification or shelving scheme | Damaged status | Not for loan | Collection code | Home library | Current library | Shelving location | Date acquired | Source of acquisition | Cost, normal purchase price | Total Checkouts | Total Renewals | Full call number | Barcode | Checked out | Date last seen | Date checked out | Cost, replacement price | Price effective from | Koha item type |
|---|---|---|---|---|---|---|---|---|---|---|---|---|---|---|---|---|---|---|---|---|---|
| Dewey Decimal Classification | Children Picture Books | Wasatch County Library | Wasatch County Library | Main Floor Childrens Area | 03/21/2019 | Amazon | 16.99 | 60 | 27 | E Bak | 34301001629221 | 04/19/2026 | 03/11/2026 | 03/11/2026 | 16.99 | 03/20/2020 | BOOK |
